000 01237nam a22002777a 4500
999 _c63784
_d63784
005 20240530110658.0
008 171225s2015 ua a g b 000 0dara d
017 _a2013/7055
_bمصر. دار الكتب
020 _a9789777182904
040 _aEG-CaGPL
_cEG-CaGPL
082 0 4 _221
_a302.232\
_bك ص
100 1 _aكوين ، ستيفن
245 1 2 _aالصحافة المدمجة :
_bمقدمة - وسائل الاعلام الكتابة والانتاج /
_cتحرير ستيفن كوين ، فينسنت ف. فيلاك ؛ ترجمة نادية ابراهيم ؛ تقديم ومراجعة وتحرير المصطلحات الاعلامية محمود علم الدين .
250 _aط.1
260 _aالقاهرة :
_bالمركز القومى للترجمة ،
_c2015 .
300 _a434 ص. ؛
_c24 سم.
650 0 7 _2qrmak
_aالصحافة المدمجة
650 0 7 _2qrmak
_aالانترنت
650 0 7 _2qrmak
_aوسائل الاعلام
651 _2qrmak
700 0 _aنادية ابراهيم
_eمترجم .
700 0 _aمحمود علم الدين
_eمصحح لغوى .
700 1 _aفينسنت ف. فيلاك
_eمحرر .
942 _2ddc
_cBK